Documental
Furkejuvvon:
| Váldodahkki: | |
|---|---|
| Materiálatiipa: | Girji |
| Giella: | espánnjágiella |
| Almmustuhtton: |
s.l
Alquimia Ediciones
2018
|
| Preanttus: | 1a. ed |
| Ráidu: | Colección Estados de Excepción
|
| Fáttát: | |
| Fáddágilkorat: |
Lasit fáddágilkoriid
Eai fáddágilkorat, Lasit vuosttaš fáddágilkora!
|
MARC
| LEADER | 00000cam a2200000 a 4500 | ||
|---|---|---|---|
| 001 | UCC7019 | ||
| 003 | CL-VaPUC | ||
| 008 | 190125e20180000cl |||||||||||||||||spa|d | ||
| 020 | |a 9789569974212 | ||
| 082 | 0 | 4 | |a Ch861 |b PIN |2 21 |
| 100 | 0 | |a Pinos, Jaime |e author |9 601584 | |
| 245 | 1 | 0 | |a Documental |
| 250 | |a 1a. ed | ||
| 300 | |a 54 p | ||
| 942 | |c BK | ||
| 945 | |d 20190125 15:54:00 |a dcastane | ||
| 260 | |a s.l |b Alquimia Ediciones |c 2018 | ||
| 650 | 0 | |a Poesías chilenas |9 265280 | |
| 650 | 0 | |a Literatura chilena |9 308278 | |
| 583 | |a last modification |c 20190304 12:03:47 |k Rodrigo Vera | ||
| 490 | 0 | |a Colección Estados de Excepción | |
| 999 | |c 373829 |d 373827 | ||
| 952 | |0 0 |1 0 |3 erb |4 0 |6 CH_861_000000000000000_PIN_2018 |7 0 |8 A |9 492070 |a FDOPOS |b FDOPOS |i 5532396 |o Ch861 PIN 2018 |p 5532396 |r 2025-01-22 |w 2019-11-24 |y BK |z Catalogado en:20190125 |k MEL | ||
| 952 | |0 0 |1 0 |3 erb |4 0 |6 CH_861_000000000000000_PIN_2018 |7 0 |8 A |9 492071 |a FDOPOS |b FDOPOS |i 5532590 |o Ch861 PIN 2018 |p 5532590 |r 2025-01-22 |w 2019-11-24 |y BK |z Catalogado en:20190304 |k DLH | ||